000 01118nam a22002537a 4500
999 _c10119
_d10119
003 AR-CdUCM
008 190329b ||||| |||| 00| 0 spa d
040 _aMUNICIPALIDAD PROVINCIAL DEL CUSCO
_cBIBLIOTECA MUNICIPAL DEL CUSCO
041 _heng
082 _a343 /
_bL62 / 1872
100 _aLieber,Francisco
_926784
245 _aLa libertad civil y el gobierno propio /
260 _aParis :
_bLibreria de rosa y bouret,
_c1872.
300 _a2 tomos ;
_c22 cm.
440 _aLa libertad civil
_n2
_926785
505 _aContenido : t.1 : Definiciones de la libertad -- Significación de la libertad civil -- Libertad anglicana -- Comunión Locomoción, emigración -- Libertad de conciencia, propiedad supremacía de la ley. -- t.2 :desenvolvimiento institucional -- peligros e inconvenientes -- ventajas del gobierno institucional -- inseguridad de los gobiernos institucionales...
650 _aGobiernos
_910721
650 _aInstitucionales
_926786
650 _aLibertad
_92892
650 _aCivil
_918612
700 _aGonzales, Florentino (Traductor)
_926787
942 _2ddc
_cLIBROS
945 _apjha